Every Steal a Brainrot Shark - Statistics

General Stats
  • This quiz has been taken 9 times
  • The average score is 6 of 18
Answer Stats
Hint Answer % Correct
Brainrot God Tralalero Tralala
100%
Secret Extinct Tralalero
50%
Secret Las Tralaleritas
50%
Secret Los Tralaleritos
50%
Brainrot God Tralalita Tralala
50%
Secret La Grande Combinasion
38%
Secret Los Bros
38%
Secret Los Combinasionas
38%
Secret Reindeer Tralala
38%
Brainrot God Squalanana
38%
Secret Zombie Tralala
38%
Secret Las Sis
25%
Secret Los Primos
25%
Secret La Extinct Grande
13%
Secret Evildeon
0%
Secret La Karker Combinasion
0%
Secret Tralaladeon
0%
Secret Tripilito Tralaleritos
0%
No matching quizzes found
Score Distribution
Percent of People with Each Score
Percentile by Number Answered
Your Score History
You have not taken this quiz